From Poor Law to Welfare State (Record no. 1190677)

MARC details
000 -LEADER
fixed length control field 00727nam a2200277Ia 4500
003 - CONTROL NUMBER IDENTIFIER
control field OSt
005 - DATE AND TIME OF LATEST TRANSACTION
control field 20221007110427.0
008 - FIXED-LENGTH DATA ELEMENTS--GENERAL INFORMATION
fixed length control field 221006b |||||||| |||| 00| 0 eng d
020 ## - INTERNATIONAL STANDARD BOOK NUMBER
International Standard Book Number 002932890X
037 ## - SOURCE OF ACQUISITION
Terms of availability Textual
040 ## - CATALOGING SOURCE
Original cataloging agency LCO
Transcribing agency LCO
Language of cataloging eng
041 ## - LANGUAGE CODE
Source of code eng
Language code of text/sound track or separate title eng
100 ## - MAIN ENTRY--PERSONAL NAME
Personal name Trattner Walter I.
9 (RLIN) 707471
245 #0 - TITLE STATEMENT
Title From Poor Law to Welfare State
250 ## - EDITION STATEMENT
Edition statement 2nd
260 ## - PUBLICATION, DISTRIBUTION, ETC.
Place of publication, distribution, etc. New
Name of publisher, distributor, etc. York The Free Press U.S.A.
Date of publication, distribution, etc. 1979
300 ## - PHYSICAL DESCRIPTION
Extent 290
500 ## - GENERAL NOTE
General note A History of Social Welfare in America
650 ## - SUBJECT ADDED ENTRY--TOPICAL TERM
Topical term or geographic name entry element WELFARE STATE
942 ## - ADDED ENTRY ELEMENTS (KOHA)
Classification part Y773, L9
Koha item type Textual
Holdings
Withdrawn status Lost status Damaged status Not for loan Home library Current library Date acquired Total Checkouts Full call number Barcode Date last seen Price effective from Koha item type
        Law Centre-I Library Law Centre-I Library 2022-10-07   Y773 L9 LO0630633 2022-10-07 2022-10-07 Textual
Copyright @ Delhi University Library System